000
00306nam a22001457a 4500
008
221012b ||||| |||| 00| 0 eng d
020
_a
9781858287218
041
_a
eng
080
_a
781
082
_a
781
100
_a
20.1
101
_a
MUZIK
245
_a
CLASSICAL MUSIC
_c
CLARK D
942
_2
udc
_c
BK
999
_c
58519
_d
58519